[Event "14e Open International de la Reunion"]
[Site "St Denis"]
[Date "2012.10.12"]
[Round "8.30"]
[White "Noel, Philippe"]
[Black "Lecaille, Max"]
[Result "0-1"]
[WhiteElo "1380"]
[BlackElo "1545"]
[PlyCount "58"]
[EventDate "2012.??.??"]

1. d4 d5 2. e3 Nf6 3. Nc3 a6 4. Nf3 Nc6 5. a3 Bf5 6. Bd3 Bxd3 7. Qxd3 e6 8. O-O
Bd6 9. Re1 O-O 10. e4 dxe4 11. Nxe4 Nxe4 12. Rxe4 Qf6 13. Bg5 Qf5 14. Qe3 f6
15. g4 Qd5 16. Bf4 f5 17. gxf5 exf5 18. Re6 Bxf4 19. Qe2 Qd7 20. Re1 Nxd4 21.
Nxd4 Qxd4 22. Rd1 Qa4 23. b3 Qb5 24. c4 Qxb3 25. Re7 Bd6 26. Qe6+ Kh8 27. Rf7
Qxd1+ 28. Kg2 Rxf7 29. Qxf7 Rf8 0-1

[Event "14e Open International de la Reunion"]
[Site "St Denis"]
[Date "2012.10.12"]
[Round "8.31"]
[White "Artigaud, Daniel"]
[Black "Sandjivy, Mateo"]
[Result "0-1"]
[WhiteElo "1430"]
[BlackElo "1360"]
[PlyCount "42"]
[EventDate "2012.??.??"]

1. d4 d5 2. Nf3 Bf5 3. e3 e6 4. Bd3 Bg4 5. Nbd2 c5 6. b3 cxd4 7. exd4 a6 8. Bb2
Bb4 9. Be2 Qc7 10. O-O Bd6 11. Rc1 Bxf3 12. Nxf3 b5 13. c4 Bf4 14. Rc2 dxc4 15.
bxc4 bxc4 16. Rxc4 Qd6 17. Rc8+ Kd7 18. Qc2 Qd5 19. Qc7+ Bxc7 20. Rc1 Kxc8 21.
Rc5 Qxa2 0-1

[Event "14e Open International de la Reunion"]
[Site "St Denis"]
[Date "2012.10.12"]
[Round "8.32"]
[White "Romain, Juliane"]
[Black "Hoareau, Noe"]
[Result "1/2-1/2"]
[WhiteElo "1367"]
[BlackElo "1420"]
[PlyCount "67"]
[EventDate "2012.??.??"]

1. e4 e6 2. d4 d5 3. Nc3 c5 4. Nf3 Nc6 5. Bb5 Qb6 6. e5 a6 7. Bxc6+ bxc6 8. Ne2
cxd4 9. Nfxd4 Bc5 10. c3 a5 11. b3 Ba6 12. Be3 a4 13. b4 Bxd4 14. Bxd4 Qb5 15.
a3 Ne7 16. Ra2 Qc4 17. Rb2 Nf5 18. O-O Nxd4 19. Qxd4 Qb5 20. Rd1 Rb8 21. Rdd2
O-O 22. h3 Rb7 23. Ng3 f6 24. Rb1 fxe5 25. Qxe5 Rf6 26. Re1 Rbf7 27. Rde2 Qb6
28. Qe3 Qxe3 29. Rxe3 Rxf2 30. Rxe6 Bb5 31. Re8+ Rf8 32. Rxf8+ Rxf8 33. Re7 Rf7
34. Re8+ 1/2-1/2

[Event "14e Open International de la Reunion"]
[Site "St Denis"]
[Date "2012.10.12"]
[Round "8.33"]
[White "Altiery, Hugo"]
[Black "Ringayen, Francinel"]
[Result "1-0"]
[WhiteElo "1400"]
[BlackElo "1180"]
[PlyCount "77"]
[EventDate "2012.??.??"]

1. e4 e5 2. Nf3 Nc6 3. Bc4 Bc5 4. c3 a6 5. d4 b5 6. Bd5 exd4 7. cxd4 Bb4+ 8.
Bd2 Bxd2+ 9. Qxd2 Bb7 10. Ng5 Nh6 11. O-O O-O 12. e5 d6 13. Be4 f6 14. exf6
Qxf6 15. Nxh7 Qxd4 16. Bxc6 Qxd2 17. Nxd2 Bxc6 18. Nxf8 Rxf8 19. Rac1 Bd5 20.
Rxc7 Rf7 21. Rc3 b4 22. Rd3 Rf5 23. Rd1 Rg5 24. Nf3 Bxf3 25. Rxf3 Rc5 26. h3
Nf7 27. Rf4 a5 28. Re1 Kf8 29. Rfe4 Rc8 30. R1e3 Ng5 31. Rf4+ Nf7 32. Ref3 Rc7
33. Rf5 Rc5 34. Rxf7+ Kg8 35. Rd7 Rc1+ 36. Kh2 Rd1 37. Rg3 Kf8 38. Rgxg7 Rd2
39. Rh7 1-0

[Event "14e Open International de la Reunion"]
[Site "St Denis"]
[Date "2012.10.12"]
[Round "8.34"]
[White "Dennemont, Bruno"]
[Black "Le Maguet, Loan"]
[Result "0-1"]
[WhiteElo "1499"]
[BlackElo "1270"]
[PlyCount "90"]
[EventDate "2012.??.??"]

1. e4 e5 2. Nf3 Nc6 3. Bc4 Bc5 4. d3 Nf6 5. Ng5 O-O 6. Bxf7+ Rxf7 7. Nxf7 Kxf7
8. Bg5 d6 9. O-O Be6 10. Nc3 Bd4 11. Na4 a6 12. c3 Ba7 13. Kh1 b5 14. b4 bxa4
15. Qxa4 Nb8 16. f4 h6 17. Bh4 Kg8 18. f5 Bd7 19. Qb3+ Kh8 20. Rf3 Qf8 21. Bxf6
Qxf6 22. Qd5 Nc6 23. Rg3 Be8 24. b5 axb5 25. Qxb5 Nd4 26. Qb7 Bc6 27. Qxc7 Nc2
28. Rc1 Bc5 29. Rxc2 Be8 30. h3 Ra7 31. Qc8 Qf7 32. Rb2 Re7 33. a4 Ba7 34. c4
Kh7 35. a5 Rc7 36. Qd8 Qh5 37. Rb1 Rb7 38. Ra1 Bd4 39. Rc1 Rb2 40. Qd7 Bxd7 41.
a6 Bc6 42. a7 Rd2 43. Kh2 Rd1 44. Rxd1 Qxd1 45. Rg4 Bf2 0-1

[Event "14e Open International de la Reunion"]
[Site "St Denis"]
[Date "2012.10.12"]
[Round "8.35"]
[White "Cazal, Julian"]
[Black "Cazal, Vincent"]
[Result "0-1"]
[WhiteElo "1130"]
[BlackElo "1490"]
[PlyCount "68"]
[EventDate "2012.??.??"]

1. e4 c6 2. d4 d5 3. e5 e6 4. Nf3 Ne7 5. Nc3 Nf5 6. Bd3 Bb4 7. Bd2 Qb6 8. O-O
Nxd4 9. Ng5 Nd7 10. Qh5 g6 11. Qh6 Bf8 12. Qh3 Nxe5 13. Na4 Qc7 14. Bf4 f6 15.
Bxg6+ Ke7 16. Nc5 Ne2+ 17. Kh1 Nxf4 18. Qa3 Nfxg6 19. Ncxe6+ Qd6 20. Qxd6+ Kxd6
21. Nd4 fxg5 22. Nf5+ Bxf5 23. Rad1 Bxc2 24. Rd2 Be4 25. f3 Bd3 26. Rff2 Re8
27. g3 Bh6 28. h3 g4 29. Rd1 Nxf3 30. hxg4 Be4 31. Kg2 Rhf8 32. Kh3 Ng5+ 33.
Kh2 Rxf2+ 34. Kg1 Nh3# 0-1

[Event "14e Open International de la Reunion"]
[Site "St Denis"]
[Date "2012.10.12"]
[Round "8.37"]
[White "Sandjivy, Jean Marc"]
[Black "Francois, Robert"]
[Result "1/2-1/2"]
[WhiteElo "1392"]
[BlackElo "1530"]
[PlyCount "58"]
[EventDate "2012.??.??"]

1. c4 c5 2. Nc3 Nc6 3. g3 Nf6 4. Bg2 e6 5. d3 Be7 6. b3 d5 7. cxd5 exd5 8. e3
O-O 9. Bb2 Bg4 10. Qd2 a6 11. Rc1 Be6 12. Nce2 Nd7 13. Nf4 d4 14. Nxe6 fxe6 15.
Bxc6 bxc6 16. Nh3 Ne5 17. Qe2 Nf3+ 18. Kf1 Qa5 19. Rc2 Qxa2 20. exd4 Qxb3 21.
Nf4 Nxd4 22. Bxd4 cxd4 23. Nxe6 Rf6 24. Nxd4 Qd5 25. Rg1 Qxd4 26. Qxe7 Qxd3+
27. Re2 Raf8 28. Kg2 Qd5+ 29. Kf1 Qd1+ 1/2-1/2

[Event "14e Open International de la Reunion"]
[Site "St Denis"]
[Date "2012.10.12"]
[Round "8.38"]
[White "Ah Soune, Alexandra"]
[Black "Sandjivy, Vivien"]
[Result "0-1"]
[WhiteElo "1090"]
[BlackElo "1100"]
[PlyCount "134"]
[EventDate "2012.??.??"]

1. e4 e5 2. Nf3 Nc6 3. Nc3 Bb4 4. Bd3 Bxc3 5. dxc3 d6 6. h3 Nf6 7. O-O Qe7 8.
Re1 a6 9. b3 O-O 10. Qd2 h6 11. Ba3 Qd7 12. c4 b5 13. Bb2 bxc4 14. Bxc4 Re8 15.
Bf1 d5 16. exd5 Qxd5 17. Qxd5 Nxd5 18. Bd3 Nf6 19. Re2 e4 20. Bc4 exf3 21.
Rxe8+ Nxe8 22. g3 Bxh3 23. Bd5 Bd7 24. Bxf3 Rd8 25. Rd1 Bf5 26. Rxd8 Nxd8 27.
Be5 Bxc2 28. b4 Nd6 29. Be2 Nc6 30. Bc3 Ne4 31. Be1 Nd4 32. Bg4 f5 33. Bxf5
Nxf5 34. Kf1 Bd3+ 35. Kg2 Be2 36. f3 Ng5 37. f4 Ne4 38. a4 g5 39. a5 gxf4 40.
gxf4 c5 41. bxc5 Nxc5 42. Bf2 Ne4 43. Bb6 h5 44. Kh2 h4 45. Kh3 Bf1+ 46. Kg4
Neg3 47. Bf2 h3 48. Bg1 Bg2 49. Bh2 Kf7 50. Bg1 Ke6 51. Bh2 Nf1 52. Bg1 h2 53.
Bxh2 Nxh2+ 54. Kg5 Nf3+ 55. Kg6 N3d4 56. Kg5 Nb3 57. Kg4 Nxa5 58. Kg5 Nc4 59.
Kg6 a5 60. Kg5 a4 61. Kg4 a3 62. Kg5 a2 63. Kg6 a1=Q 64. Kg5 Qa8 65. Kg4 Qg8+
66. Kh5 Qh7+ 67. Kg4 Qh4# 0-1

[Event "14e Open International de la Reunion"]
[Site "St Denis"]
[Date "2012.10.13"]
[Round "9.3"]
[White "Ramasindraibe, Girard"]
[Black "Ranaivoharisoa, Alain"]
[Result "1-0"]
[WhiteElo "1982"]
[BlackElo "2175"]
[PlyCount "51"]
[EventDate "2012.??.??"]

1. e4 c5 2. Nf3 d6 3. d4 cxd4 4. Nxd4 Nf6 5. Nc3 a6 6. Be3 e6 7. Be2 Be7 8. O-O
O-O 9. f4 Qc7 10. g4 Nc6 11. g5 Nd7 12. Bd3 Re8 13. Qh5 g6 14. Qh4 Bf8 15. f5
Nde5 16. Rae1 Bd7 17. Nde2 Nb4 18. Nf4 Nbxd3 19. cxd3 Bc6 20. Bd4 Bg7 21. Bxe5
dxe5 22. f6 Bf8 23. Nxg6 fxg6 24. f7+ Kh8 25. fxe8=Q Rxe8 26. Kg2 1-0

[Event "14e Open International de la Reunion"]
[Site "St Denis"]
[Date "2012.10.13"]
[Round "9.4"]
[White "Seyfried, Claus"]
[Black "Dijoux, Julien"]
[Result "1-0"]
[WhiteElo "2160"]
[BlackElo "1883"]
[PlyCount "89"]
[EventDate "2012.??.??"]

1. e4 e6 2. d4 d5 3. Nd2 c5 4. Ngf3 Nc6 5. Bb5 Qb6 6. Qe2 Nf6 7. exd5 Nxd5 8.
Nc4 Qc7 9. Nce5 a6 10. Bxc6+ bxc6 11. c4 Ne7 12. dxc5 Ng6 13. Nd3 Bxc5 14. Nxc5
Qa5+ 15. Bd2 Qxc5 16. a3 a5 17. O-O Ba6 18. Rfc1 Qb6 19. Be3 Qc7 20. Bc5 Rd8
21. Qe3 Qf4 22. Qc3 f6 23. Qxa5 Bxc4 24. Be3 Qe4 25. Nd2 Rxd2 26. Qxd2 O-O 27.
f3 Qd5 28. Qc3 Ne5 29. Bd4 Nd3 30. Qxc4 Nxc1 31. Qxd5 cxd5 32. Rxc1 e5 33. Bf2
Rb8 34. b4 d4 35. Kf1 Ra8 36. Ra1 Kf7 37. Ke2 Ke6 38. a4 Kd5 39. b5 Kc4 40. b6
Kc5 41. a5 Kc6 42. Kd3 Kb7 43. f4 Ka6 44. fxe5 fxe5 45. Bg3 1-0

[Event "14e Open International de la Reunion"]
[Site "St Denis"]
[Date "2012.10.13"]
[Round "9.5"]
[White "Rodier, David"]
[Black "Caron, Jean-Marie"]
[Result "1/2-1/2"]
[WhiteElo "2133"]
[BlackElo "1872"]
[PlyCount "80"]
[EventDate "2012.??.??"]

1. d4 Nf6 2. c4 e6 3. Nc3 Bb4 4. f3 Bxc3+ 5. bxc3 d6 6. e4 Nbd7 7. Bd3 e5 8.
Ne2 c5 9. O-O Qc7 10. Be3 O-O 11. d5 Re8 12. g4 Nf8 13. Ng3 Ng6 14. Qd2 Kh8 15.
Kh1 Rb8 16. Nf5 Ng8 17. h4 N6e7 18. Qe2 a6 19. f4 Ng6 20. h5 Nxf4 21. Bxf4 exf4
22. Rxf4 Bxf5 23. Rxf5 Nh6 24. Rf4 Re5 25. Kg2 Qe7 26. Kg3 Rg5 27. Re1 Qe5 28.
Kf3 f6 29. Rf5 Nxf5 30. exf5 Qxe2+ 31. Rxe2 b5 32. cxb5 axb5 33. Re1 g6 34.
hxg6 hxg6 35. fxg6 Rxd5 36. Bf5 Re5 37. Be6 Rxe6 38. Rxe6 Kg7 39. Rxd6 Kxg6 40.
Kf4 Ra8 1/2-1/2

[Event "14e Open International de la Reunion"]
[Site "St Denis"]
[Date "2012.10.13"]
[Round "9.6"]
[White "Payet, Jean-Claude"]
[Black "Hamon, Christian"]
[Result "0-1"]
[WhiteElo "1829"]
[BlackElo "2053"]
[PlyCount "118"]
[EventDate "2012.??.??"]

1. e4 c5 2. Nf3 Nc6 3. d4 cxd4 4. Nxd4 g6 5. Be3 Bg7 6. Qd2 Nf6 7. Nc3 O-O 8.
f3 d5 9. exd5 Nxd5 10. Nxc6 bxc6 11. Nxd5 cxd5 12. c3 e6 13. Be2 a5 14. O-O Rb8
15. Rab1 a4 16. Kh1 Qa5 17. Bd4 e5 18. Be3 d4 19. cxd4 Qxd2 20. Bxd2 Bf5 21.
Rbe1 Rxb2 22. Bc3 Rxa2 23. dxe5 Rxe2 24. Rxe2 Bd3 25. Ree1 Bxf1 26. Rxf1 Rc8
27. Ba1 a3 28. g3 Rc2 29. f4 Bf8 30. g4 Bb4 31. Rb1 Bc3 32. Bxc3 Rxc3 33. Rb8+
Kg7 34. Ra8 Rc1+ 35. Kg2 Rc2+ 36. Kh3 a2 37. Ra7 Kf8 38. g5 Ke8 39. Kg3 Kd8 40.
h4 Kc8 41. Kf3 Kb8 42. Ra4 Kb7 43. Ke4 Kc6 44. Kd3 Rf2 45. Kc3 Kb5 46. Ra7 Rf3+
47. Kb2 Rxf4 48. Kxa2 Ra4+ 49. Rxa4 Kxa4 50. Kb2 Kb4 51. Kc2 Kc4 52. Kd2 Kd4
53. Ke2 Ke4 54. Kf2 Kf4 55. Ke2 Kg4 56. Ke3 Kxh4 57. Kf4 Kh5 58. Ke4 Kxg5 59.
Kd3 Kf5 0-1

[Event "14e Open International de la Reunion"]
[Site "St Denis"]
[Date "2012.10.13"]
[Round "9.7"]
[White "Roblet, Charles"]
[Black "Dalleau, Philippe"]
[Result "1-0"]
[WhiteElo "2058"]
[BlackElo "1846"]
[PlyCount "78"]
[EventDate "2012.??.??"]

1. d4 Nf6 2. c4 g6 3. Nc3 Bg7 4. e4 d6 5. f3 O-O 6. Be3 Nbd7 7. Bd3 e5 8. Nge2
b6 9. Qd2 Bb7 10. d5 a5 11. O-O-O Nc5 12. g4 Nfd7 13. Ng3 Nxd3+ 14. Qxd3 Nc5
15. Qe2 a4 16. h4 Qd7 17. h5 Ba6 18. Rdg1 Rfb8 19. hxg6 fxg6 20. Nb5 Bxb5 21.
cxb5 Ra5 22. Rg2 Qxb5 23. Qxb5 Rxb5 24. Kc2 Rc8 25. Nf5 gxf5 26. gxf5 c6 27. f6
cxd5 28. Rxg7+ Kf8 29. Bxc5 Rbxc5+ 30. Kd3 dxe4+ 31. fxe4 R8c7 32. Rhxh7 Rxg7
33. Rxg7 Rc1 34. Rb7 Rc6 35. a3 Ke8 36. Ke3 Kf8 37. Kf3 Rc1 38. Kg4 Rf1 39. Kg5
Rf4 1-0

[Event "14e Open International de la Reunion"]
[Site "St Denis"]
[Date "2012.10.13"]
[Round "9.8"]
[White "Boos, Olivier"]
[Black "Vitry, Patrick"]
[Result "1-0"]
[WhiteElo "2014"]
[BlackElo "1750"]
[PlyCount "69"]
[EventDate "2012.??.??"]

1. Nf3 d5 2. g3 Nf6 3. Bg2 e6 4. O-O Bd6 5. d4 Nbd7 6. Re1 O-O 7. a4 a5 8. c4
c6 9. b3 Re8 10. Ba3 Bxa3 11. Nxa3 e5 12. cxd5 Nxd5 13. dxe5 Nxe5 14. Nxe5 Rxe5
15. e4 Be6 16. exd5 Rxe1+ 17. Qxe1 Bxd5 18. Bxd5 Qxd5 19. Nc4 Rd8 20. Qxa5 Qd4
21. Re1 Qf6 22. Qe5 Qxe5 23. Rxe5 f6 24. Re7 b5 25. axb5 cxb5 26. Na3 Rd3 27.
Re3 Rd5 28. Kf1 Kf7 29. Ke2 h5 30. Nb1 Rd4 31. Rd3 Re4+ 32. Kd2 Re5 33. Kc3 g5
34. Kd2 Kg6 35. Nc3 1-0

[Event "14e Open International de la Reunion"]
[Site "St Denis"]
[Date "2012.10.13"]
[Round "9.9"]
[White "Frelicot, Eric"]
[Black "Rakotomaharo, Fy Antenaina"]
[Result "0-1"]
[WhiteElo "1827"]
[BlackElo "1995"]
[PlyCount "56"]
[EventDate "2012.??.??"]

1. c4 e5 2. Nc3 Nf6 3. g3 Bc5 4. Bg2 O-O 5. e3 Nc6 6. Nge2 d6 7. O-O Bg4 8. Re1
Qd7 9. a3 a5 10. Qb3 Rab8 11. Nd5 Nxd5 12. cxd5 Ne7 13. Qc3 a4 14. d4 exd4 15.
Nxd4 Ng6 16. b4 axb3 17. Nxb3 Bb6 18. Bb2 f6 19. Nd2 Rbe8 20. Nc4 Bc5 21. Qd3
Bh3 22. Bd4 Bxg2 23. Kxg2 Qg4 24. Kf1 Bxd4 25. Qxd4 Re4 26. Qd3 Rxc4 27. h4 Ne5
28. Qb3 Qe4 0-1

[Event "14e Open International de la Reunion"]
[Site "St Denis"]
[Date "2012.10.13"]
[Round "9.10"]
[White "Craquelin, Mathie"]
[Black "Linder, Oliver"]
[Result "0-1"]
[WhiteElo "1590"]
[BlackElo "1980"]
[PlyCount "114"]
[EventDate "2012.??.??"]

1. e4 e6 2. Nc3 d5 3. exd5 exd5 4. d4 Nf6 5. a3 Bd6 6. Be2 O-O 7. Nf3 Bg4 8. h3
Bf5 9. O-O c6 10. Be3 Nbd7 11. Re1 Re8 12. Qd2 Qc7 13. Qd1 Nf8 14. Bg5 Ne4 15.
Nxe4 dxe4 16. Nd2 h6 17. Be3 Bd7 18. Nc4 Bh2+ 19. Kh1 b5 20. Nd2 Bd6 21. c4 f5
22. Nb3 f4 23. Bd2 f3 24. gxf3 Bxh3 25. cxb5 Qe7 26. Kg1 Qh4 27. Bc4+ Ne6 28.
Rxe4 Qh5 29. Bf1 Bf5 30. Bg2 Bh2+ 31. Kf1 Bxe4 32. fxe4 Qxb5+ 33. Qe2 Qxb3 34.
Bc3 Qb5 35. Qxb5 cxb5 36. e5 Rac8 37. Bd5 Kh8 38. Bxe6 Rxe6 39. Bd2 g5 40. Kg2
Bf4 41. Bc3 Rd8 42. Rh1 Kh7 43. Kf3 Kg6 44. Kg4 a5 45. Bxa5 Rxd4 46. Bc3 Rc4
47. Kf3 Bxe5 48. Bxe5 Rxe5 49. Kg2 Rc2 50. Rb1 Ree2 51. Kg3 Rxf2 52. b3 h5 53.
Ra1 h4+ 54. Kg4 Rf4+ 55. Kh3 Kh5 56. Rg1 Rf3+ 57. Rg3 Rxg3# 0-1

[Event "14e Open International de la Reunion"]
[Site "St Denis"]
[Date "2012.10.13"]
[Round "9.11"]
[White "Chan-Kai-Hou, Fabrice"]
[Black "Andriandaza, Tombo Omar"]
[Result "1-0"]
[WhiteElo "1954"]
[BlackElo "1567"]
[PlyCount "43"]
[EventDate "2012.??.??"]

1. c4 e5 2. g3 Nf6 3. Bg2 Bc5 4. Nc3 Nc6 5. e3 Nb4 6. d3 a5 7. a3 Nc6 8. Nge2
h5 9. h3 d6 10. d4 exd4 11. exd4 Bb6 12. Bg5 Qd7 13. Bxf6 gxf6 14. Nd5 Qf5 15.
O-O Bd7 16. c5 Be6 17. Ne3 Qg5 18. h4 Qg6 19. Nf4 Qg7 20. cxb6 Ne7 21. bxc7 d5
22. Qb3 1-0

[Event "14e Open International de la Reunion"]
[Site "St Denis"]
[Date "2012.10.13"]
[Round "9.12"]
[White "Rajaonson, Andriamahenina"]
[Black "Duprey, Francois-Xavier"]
[Result "1-0"]
[WhiteElo "1897"]
[BlackElo "1792"]
[PlyCount "65"]
[EventDate "2012.??.??"]

1. f4 e5 2. fxe5 d6 3. exd6 Bxd6 4. Nf3 g5 5. g3 g4 6. Nh4 Ne7 7. Nc3 Ng6 8.
Nxg6 hxg6 9. Ne4 Be5 10. c3 f5 11. d4 fxe4 12. dxe5 Qxd1+ 13. Kxd1 Nc6 14. Bg2
Bf5 15. Bg5 Rh7 16. Bf6 Kf7 17. Kd2 Ke6 18. Ke3 Nxe5 19. Bxe5 Kxe5 20. Rhd1 c5
21. c4 Rah8 22. Rd5+ Ke6 23. Bxe4 Bxe4 24. Kxe4 Rxh2 25. Re5+ Kd6 26. Rd1+ Kc6
27. Kf4 Rf8+ 28. Kxg4 Rf6 29. Rdd5 b6 30. a3 Rff2 31. Re6+ Kb7 32. Rd7+ Ka6 33.
Ree7 1-0

[Event "14e Open International de la Reunion"]
[Site "St Denis"]
[Date "2012.10.13"]
[Round "9.13"]
[White "Calmels, Nicolas"]
[Black "Haanshuus, Aslak"]
[Result "0-1"]
[WhiteElo "1830"]
[BlackElo "2059"]
[PlyCount "70"]
[EventDate "2012.??.??"]

1. e4 c5 2. Nc3 e6 3. Nf3 Nc6 4. a3 Nf6 5. d4 cxd4 6. Nxd4 a6 7. Nb3 Be7 8. Be3
b5 9. Bd3 d6 10. f4 O-O 11. Qf3 e5 12. Nd5 Rb8 13. c3 exf4 14. Bxf4 Ne5 15.
Bxe5 dxe5 16. O-O-O Nxd5 17. exd5 f5 18. Bc2 Bd6 19. Rhf1 Qc7 20. Qh5 g6 21.
Qh4 a5 22. Nd2 b4 23. cxb4 axb4 24. axb4 Rxb4 25. Qg3 Ba6 26. Rf2 Rc8 27. Nb1
Qb8 28. Qa3 Rb6 29. Qa2 Bc4 30. Qa1 Ra6 31. Na3 Bb3 32. Rdd2 Qb4 33. Kd1 Rxc2
34. Rxc2 Qd4+ 35. Kc1 Bxc2 0-1

[Event "14e Open International de la Reunion"]
[Site "St Denis"]
[Date "2012.10.13"]
[Round "9.14"]
[White "Rabe Andrianandrasan, Haingo"]
[Black "Desire, Michael"]
[Result "1-0"]
[WhiteElo "1978"]
[BlackElo "1780"]
[PlyCount "55"]
[EventDate "2012.??.??"]

1. d4 Nf6 2. Nf3 d5 3. c4 c6 4. Nc3 e6 5. e3 Nbd7 6. Bd3 dxc4 7. Bxc4 Be7 8.
O-O Qc7 9. e4 e5 10. Re1 O-O 11. Bb3 exd4 12. Qxd4 Bc5 13. Qd2 Ng4 14. Nd1 Nde5
15. Nxe5 Qxe5 16. Qf4 Qh5 17. h3 Ne5 18. Qg3 Rd8 19. Bg5 Rd3 20. Qxe5 Bxh3 21.
Bf4 Qg4 22. Qg5 Rg3 23. Qxg4 Rxg4 24. g3 Rd8 25. Kh2 Rxf4 26. gxf4 Rd3 27. Ne3
Bd7 28. Rad1 1-0

[Event "14e Open International de la Reunion"]
[Site "St Denis"]
[Date "2012.10.13"]
[Round "9.15"]
[White "Rivolo, Jean-Guillaume"]
[Black "Meier, Kurt"]
[Result "0-1"]
[WhiteElo "1486"]
[BlackElo "1960"]
[PlyCount "43"]
[EventDate "2012.??.??"]

1. d4 Nf6 2. Nf3 b6 3. c4 e6 4. Nc3 Bb7 5. e3 Bb4 6. a3 Bxc3+ 7. bxc3 O-O 8.
Be2 d6 9. O-O Ne4 10. Bb2 Nd7 11. Qc2 f5 12. Rad1 Ndf6 13. Nd2 Nxd2 14. Qxd2
Ne4 15. Qc2 Qh4 16. Bf3 Rf6 17. Qe2 Rh6 18. h3 Rf8 19. d5 Ng5 20. Rd4 Nxh3+ 21.
gxh3 Qxh3 22. Bg2 0-1

[Event "14e Open International de la Reunion"]
[Site "St Denis"]
[Date "2012.10.13"]
[Round "9.16"]
[White "Genne, Rene"]
[Black "Koch, Alain"]
[Result "0-1"]
[WhiteElo "1795"]
[BlackElo "1951"]
[PlyCount "80"]
[EventDate "2012.??.??"]

1. b4 e6 2. Bb2 Nf6 3. b5 d5 4. e3 c5 5. c4 b6 6. Nf3 Bb7 7. Be2 Be7 8. O-O O-O
9. a4 a5 10. d3 Nbd7 11. Nbd2 Qc7 12. h3 Rad8 13. Qc2 h6 14. Rfc1 Bd6 15. d4
Rc8 16. Nb3 dxc4 17. Qxc4 Bd5 18. Qc2 Qb7 19. dxc5 Nxc5 20. Nxc5 Bxc5 21. Bxf6
gxf6 22. Qb2 Kg7 23. Nh4 Bd6 24. Qd4 Rfd8 25. Qg4+ Kf8 26. Bf3 Ke7 27. Bxd5
Qxd5 28. Rxc8 Rxc8 29. Qg7 Qg5 30. Qxg5 fxg5 31. Nf3 e5 32. Nd2 Rc2 33. Ne4 Bc7
34. f3 f5 35. Nf2 Bd6 36. Nd3 Rd2 37. Nf2 Bc5 38. Nd1 f4 39. Kf1 fxe3 40. Ke1
Rc2 0-1

[Event "14e Open International de la Reunion"]
[Site "St Denis"]
[Date "2012.10.13"]
[Round "9.17"]
[White "Ratsimikatry, Caryl Patrick"]
[Black "Mablouke, Ulrich"]
[Result "0-1"]
[WhiteElo "1924"]
[BlackElo "1785"]
[PlyCount "105"]
[EventDate "2012.??.??"]

1. e4 c6 2. d4 d5 3. e5 Bf5 4. Nf3 e6 5. Be2 h6 6. O-O Nd7 7. c4 Nb6 8. c5 Nd7
9. Nc3 Be7 10. Be3 Bg5 11. b4 Bxe3 12. fxe3 h5 13. h4 Nh6 14. Ng5 Nf8 15. Bxh5
g6 16. Be2 Nh7 17. Nxh7 Rxh7 18. h5 Qg5 19. Rf4 Kd7 20. hxg6 fxg6 21. Kf2 Rah8
22. Bf3 Ng4+ 23. Bxg4 Qh4+ 24. Kf3 Bxg4+ 25. Rxg4 Rf8+ 26. Rf4 Rhf7 27. g3 Qh2
28. Qe2 Qh6 29. Qg2 g5 30. Rh1 Qg6 31. Qd2 gxf4 32. exf4 Rg8 33. Qf2 Qd3+ 34.
Qe3 Qxe3+ 35. Kxe3 Rxg3+ 36. Kd2 Rfg7 37. a4 Rg2+ 38. Ne2 b6 39. b5 Kc8 40. Ke3
Kb8 41. Rh8+ Kb7 42. Rh6 Re7 43. f5 exf5 44. Rxc6 bxc5 45. Rxc5 Rc7 46. Rxc7+
Kxc7 47. Nf4 Rg3+ 48. Kd2 Ra3 49. Nxd5+ Kd8 50. Nc3 f4 51. d5 f3 52. Ne4 Rxa4
53. Ke3 0-1

[Event "14e Open International de la Reunion"]
[Site "St Denis"]
[Date "2012.10.13"]
[Round "9.18"]
[White "Goorsahye, Antoine"]
[Black "Nassau, Pierre-Alexandre"]
[Result "0-1"]
[WhiteElo "1899"]
[BlackElo "1675"]
[PlyCount "54"]
[EventDate "2012.??.??"]

1. e4 e5 2. Nf3 Nc6 3. Bb5 Bc5 4. O-O d6 5. c3 Bd7 6. d4 exd4 7. cxd4 Bb6 8.
Re1 Nge7 9. Bg5 O-O 10. Nc3 f6 11. Be3 Kh8 12. h3 Ng6 13. Rc1 Re8 14. Bd3 Nb4
15. Bb1 Ba5 16. a3 Nc6 17. b4 Bb6 18. h4 Bg4 19. Nd5 Nxh4 20. Nxb6 cxb6 21. Bf4
Bxf3 22. gxf3 Nxd4 23. Re3 Rc8 24. Rd3 Rxc1 25. Bxc1 Qd7 26. Kh2 Ndxf3+ 27.
Rxf3 Qg4 0-1

[Event "14e Open International de la Reunion"]
[Site "St Denis"]
[Date "2012.10.13"]
[Round "9.19"]
[White "Frisk, Anders"]
[Black "Oster, Jean-Marie"]
[Result "1-0"]
[WhiteElo "1847"]
[BlackElo "1571"]
[PlyCount "61"]
[EventDate "2012.??.??"]

1. c4 c5 2. Nc3 Nc6 3. Nf3 e6 4. g3 Nf6 5. Bg2 Be7 6. O-O O-O 7. d4 cxd4 8.
Nxd4 Qc7 9. Ndb5 Qb8 10. Bf4 e5 11. Bg5 a6 12. Bxf6 Bxf6 13. Nd6 Be7 14. Nf5
Bc5 15. Ne4 Nd4 16. Nxc5 Nxf5 17. Nxd7 Bxd7 18. Qxd7 Nd6 19. c5 Nb5 20. Qxb7
Qd8 21. Qxa8 Qxa8 22. Bxa8 Rxa8 23. a3 Nd4 24. e3 Nb3 25. Rad1 f6 26. Rd5 Kf7
27. Rfd1 Rc8 28. Kg2 h6 29. R1d3 Nc1 30. Rc3 Na2 31. Rc2 1-0

[Event "14e Open International de la Reunion"]
[Site "St Denis"]
[Date "2012.10.13"]
[Round "9.20"]
[White "Romain, Arnaud"]
[Black "Folio, Cedric"]
[Result "1-0"]
[WhiteElo "1660"]
[BlackElo "1700"]
[PlyCount "135"]
[EventDate "2012.??.??"]

1. d4 Nf6 2. Nf3 Nc6 3. Nc3 d5 4. Bg5 Ne4 5. e3 Nxg5 6. Nxg5 e6 7. Nf3 Be7 8.
a3 a6 9. Bd3 Bd6 10. O-O Ne7 11. e4 Bf4 12. Ne2 Bh6 13. c4 dxc4 14. Bxc4 b5 15.
Bb3 Bb7 16. Ng3 O-O 17. Qc2 Rc8 18. Rad1 c6 19. Qe2 Qd6 20. Ne5 Rcd8 21. Nf3 c5
22. dxc5 Qxc5 23. Rxd8 Rxd8 24. Rd1 Rxd1+ 25. Qxd1 Qc1 26. Bc2 Qxd1+ 27. Bxd1
Bc1 28. a4 bxa4 29. Bxa4 Bxb2 30. Nd2 Bc3 31. Nc4 Nc6 32. Nd6 Ba8 33. Ne2 Bb4
34. Nc4 Na5 35. Nxa5 Bxa5 36. f3 Bb6+ 37. Kf1 a5 38. Ke1 e5 39. Kd2 Bb7 40. Nc3
g5 41. h3 h5 42. Nd5 Bd8 43. Ne3 Ba6 44. Bd7 h4 45. Kc3 Bb6 46. Nc4 Bc7 47. Kb3
Kf8 48. Bc6 Ke7 49. Bd5 Bb5 50. Ne3 Bb6 51. Nf5+ Kf6 52. Bc4 Bd7 53. Nd6 Bc5
54. Nxf7 a4+ 55. Ka2 Be7 56. Nh6 Kg7 57. Nf5+ Kf8 58. Nxe7 Kxe7 59. Ka3 Bc6 60.
Kb4 Kd6 61. Ba6 Bd7 62. Bc4 Kc7 63. Kc5 a3 64. Kd5 Kd8 65. Kxe5 Ke7 66. Kd4 Be6
67. Bxe6 Kxe6 68. Kc3 1-0

[Event "14e Open International de la Reunion"]
[Site "St Denis"]
[Date "2012.10.13"]
[Round "9.21"]
[White "Cochard, Franck-Olivier"]
[Black "Strate, Wolfgang"]
[Result "1-0"]
[WhiteElo "1554"]
[BlackElo "1689"]
[PlyCount "103"]
[EventDate "2012.??.??"]

1. Nf3 Nf6 2. c4 e6 3. d4 d5 4. Nbd2 Nbd7 5. b3 Bd6 6. Bb2 O-O 7. g3 c6 8. Bg2
Re8 9. O-O e5 10. cxd5 cxd5 11. dxe5 Nxe5 12. Bxe5 Bxe5 13. Nxe5 Rxe5 14. Nf3
Re7 15. e3 Be6 16. Qd4 Rc7 17. Rfd1 b6 18. Ne5 Qe7 19. Rd2 Rac8 20. Rad1 Rc1
21. Qd3 Rxd1+ 22. Rxd1 Qc7 23. f4 Qc3 24. Qxc3 Rxc3 25. e4 Nxe4 26. Bxe4 f6 27.
Bxd5 Bxd5 28. Rxd5 fxe5 29. Rxe5 Rc1+ 30. Kf2 Kf7 31. g4 Rc3 32. Re3 Rc2+ 33.
Re2 Rc3 34. Rd2 Ke7 35. Re2+ Kf7 36. Re5 Rc2+ 37. Re2 Rc3 38. g5 Rh3 39. Kg2
Rc3 40. f5 Rc5 41. Rf2 g6 42. fxg6+ Kxg6 43. h4 Rc3 44. Rf6+ Kg7 45. Rd6 Rc2+
46. Kf3 Rxa2 47. h5 Ra3 48. h6+ Kg8 49. Rd8+ Kf7 50. Rd7+ Kg6 51. Kg4 Ra1 52.
Rg7# 1-0

[Event "14e Open International de la Reunion"]
[Site "St Denis"]
[Date "2012.10.13"]
[Round "9.22"]
[White "Jotee, Ashvin"]
[Black "Denis, Valentin"]
[Result "1-0"]
[WhiteElo "1799"]
[BlackElo "1498"]
[PlyCount "61"]
[EventDate "2012.??.??"]

1. c4 e6 2. Nc3 Nf6 3. Nf3 d5 4. cxd5 exd5 5. d4 c5 6. e3 Nc6 7. Be2 Bd6 8. a3
a6 9. Qc2 c4 10. O-O b5 11. e4 dxe4 12. Nxe4 Bb7 13. Bg5 Be7 14. Nxf6+ Bxf6 15.
Bxf6 Qxf6 16. Rad1 O-O-O 17. Qc3 Rhe8 18. Rfe1 Re4 19. b3 Nxd4 20. Nxd4 Rexd4
21. Qh3+ Kb8 22. Rxd4 Rxd4 23. bxc4 bxc4 24. Rb1 Qg6 25. Rc1 Qc6 26. Bf1 Qa4
27. Qg3+ Ka8 28. Qxg7 Qxa3 29. Qh8+ Ka7 30. Qxd4+ Ka8 31. Qxc4 1-0